[Event "Manitoba-ch"]
[Site "Winnipeg CAN"]
[Date "1997.02.22"]
[Round "8"]
[White "Schulz, Manfred"]
[Black "Baragar, Fletcher"]
[Result "0-1"]
[WhiteElo "1979"]
[BlackElo "2382"]
[PlyCount "64"]
[GameId "2160767912007831"]
[EventDate "1997.01.04"]
[EventType "tourn"]
[EventRounds "9"]
[EventCountry "CAN"]
[SourceTitle "EXT 2001"]
[Source "ChessBase"]
[SourceDate "2000.11.22"]
[SourceVersion "1"]
[SourceVersionDate "2000.11.22"]
[SourceQuality "1"]

1. e4 c5 2. Nf3 Nc6 3. d4 cxd4 4. Nxd4 Nf6 5. Nc3 d6 6. Bc4 Qb6 7. Nb3 e6 8. Be3 Qc7 9. Qe2 a6 10. a4 b6 11. O-O Be7 12. Nd2 O-O 13. f4 Re8 14. Kh1 Bb7 15. Bg1 Bf8 16. Bd3 Nb4 17. Rae1 Bc6 18. Qf2 Nxd3 19. cxd3 b5 20. axb5 axb5 21. Ra1 b4 22. Ne2 Bb5 23. Rfc1 Qb7 24. Qg3 Rxa1 25. Rxa1 Ra8 26. Rxa8 Qxa8 27. Nd4 Ba6 28. e5 dxe5 29. fxe5 Nd7 30. Ne4 Be7 31. Be3 Bxd3 32. Bh6 Qa1+ 0-1

[Event "Manitoba-ch"]
[Site "Winnipeg CAN"]
[Date "1997.03.01"]
[Round "9"]
[White "Babb, Jeff"]
[Black "Gentes, Kevin"]
[Result "1/2-1/2"]
[WhiteElo "2100"]
[BlackElo "2384"]
[PlyCount "24"]
[GameId "2160767912007832"]
[EventDate "1997.01.04"]
[EventType "tourn"]
[EventRounds "9"]
[EventCountry "CAN"]
[SourceTitle "EXT 2001"]
[Source "ChessBase"]
[SourceDate "2000.11.22"]
[SourceVersion "1"]
[SourceVersionDate "2000.11.22"]
[SourceQuality "1"]

1. g3 d5 2. Bg2 Nf6 3. d3 g6 4. Nf3 Bg7 5. O-O O-O 6. Nbd2 Nc6 7. e4 e5 8. b3 Re8 9. Bb2 a5 10. a4 dxe4 11. dxe4 b6 12. Re1 Ba6 1/2-1/2

[Event "Manitoba-ch"]
[Site "Winnipeg CAN"]
[Date "1997.03.01"]
[Round "9"]
[White "Baragar, Fletcher"]
[Black "Kollar, Frank"]
[Result "1-0"]
[WhiteElo "2382"]
[BlackElo "2222"]
[PlyCount "73"]
[GameId "2160767912007833"]
[EventDate "1997.01.04"]
[EventType "tourn"]
[EventRounds "9"]
[EventCountry "CAN"]
[SourceTitle "EXT 2001"]
[Source "ChessBase"]
[SourceDate "2000.11.22"]
[SourceVersion "1"]
[SourceVersionDate "2000.11.22"]
[SourceQuality "1"]

1. c4 e6 2. d4 Nf6 3. Nf3 b6 4. g3 Bb7 5. Bg2 Be7 6. O-O d6 7. Nc3 Nbd7 8. d5 e5 9. e4 O-O 10. Ne1 Ne8 11. Nd3 Bg5 12. Qc2 Bxc1 13. Raxc1 Nc5 14. b4 Nxd3 15. Qxd3 a5 16. a3 axb4 17. axb4 Bc8 18. Ra1 Bd7 19. Qd2 f5 20. Rxa8 Qxa8 21. Bh3 Qc8 22. f3 f4 23. Bxd7 Qxd7 24. Qg2 Rf6 25. Ra1 fxg3 26. hxg3 Qc8 27. Ra7 h5 28. Nb5 Kh7 29. Qh1 Rh6 30. Kg2 g5 31. Qc1 Kg6 32. c5 bxc5 33. bxc5 g4 34. f4 dxc5 35. f5+ Kh7 36. Qxc5 Rb6 37. Qxb6 1-0

[Event "Manitoba-ch"]
[Site "Winnipeg CAN"]
[Date "1997.03.01"]
[Round "9"]
[White "Bollenbach, Brad"]
[Black "Henson, Joshua"]
[Result "1-0"]
[WhiteElo "2080"]
[BlackElo "1981"]
[PlyCount "63"]
[GameId "2160767912007834"]
[EventDate "1997.01.04"]
[EventType "tourn"]
[EventRounds "9"]
[EventCountry "CAN"]
[SourceTitle "EXT 2001"]
[Source "ChessBase"]
[SourceDate "2000.11.22"]
[SourceVersion "1"]
[SourceVersionDate "2000.11.22"]
[SourceQuality "1"]

1. e4 c5 2. Nc3 Nc6 3. f4 g6 4. Nf3 Bg7 5. Bb5 d6 6. d3 e6 7. Bxc6+ bxc6 8. e5 d5 9. Ne2 Rb8 10. O-O Ne7 11. b3 Nf5 12. Kh1 h5 13. c4 Ba6 14. Nc3 Bf8 15. Na4 d4 16. Qe1 Bb7 17. Ng5 Be7 18. Ne4 Kf8 19. Qd2 Kg7 20. Ba3 h4 21. Bxc5 Bxc5 22. Naxc5 Qe7 23. Kg1 Ne3 24. Rfb1 Nf5 25. b4 a6 26. a4 a5 27. bxa5 Ng3 28. hxg3 hxg3 29. Kf1 Rh1+ 30. Ke2 Rh2 31. Kd1 Qh4 32. Kc2 1-0

[Event "Manitoba-ch"]
[Site "Winnipeg CAN"]
[Date "1997.03.01"]
[Round "9"]
[White "Langner, David"]
[Black "Gibbons, Michael"]
[Result "1-0"]
[WhiteElo "2179"]
[BlackElo "2073"]
[PlyCount "81"]
[GameId "2160767912007835"]
[EventDate "1997.01.04"]
[EventType "tourn"]
[EventRounds "9"]
[EventCountry "CAN"]
[SourceTitle "EXT 2001"]
[Source "ChessBase"]
[SourceDate "2000.11.22"]
[SourceVersion "1"]
[SourceVersionDate "2000.11.22"]
[SourceQuality "1"]

1. e4 d6 2. d4 Nf6 3. Nc3 g6 4. Be3 Bg7 5. f3 O-O 6. g4 e5 7. Nge2 Nc6 8. Qd2 exd4 9. Nxd4 Bd7 10. g5 Ne8 11. h4 Nxd4 12. Bxd4 Bxd4 13. Qxd4 Ng7 14. Nd5 Nh5 15. O-O-O Bc6 16. Ne3 Re8 17. Bc4 Qe7 18. Ng4 h6 19. Nxh6+ Kh7 20. Ng4 Rad8 21. Bd5 Bxd5 22. Qxd5 b6 23. Kb1 a5 24. Rhf1 Rf8 25. Rde1 Qe6 26. Qd4 Rfe8 27. Ne3 Kg8 28. Nd5 Rd7 29. f4 Qg4 30. a3 Re6 31. Qf2 Qg3 32. Nf6+ Rxf6 33. gxf6 Qxf2 34. Rxf2 Nxf6 35. e5 dxe5 36. fxe5 Nh5 37. e6 fxe6 38. Rxe6 Rg7 39. Rf3 g5 40. hxg5 Rxg5 41. Rc6 1-0

[Event "Manitoba-ch"]
[Site "Winnipeg CAN"]
[Date "1997.03.01"]
[Round "9"]
[White "Yoos, John"]
[Black "Schulz, Manfred"]
[Result "1/2-1/2"]
[WhiteElo "2409"]
[BlackElo "1979"]
[PlyCount "24"]
[GameId "2160767912007836"]
[EventDate "1997.01.04"]
[EventType "tourn"]
[EventRounds "9"]
[EventCountry "CAN"]
[SourceTitle "EXT 2001"]
[Source "ChessBase"]
[SourceDate "2000.11.22"]
[SourceVersion "1"]
[SourceVersionDate "2000.11.22"]
[SourceQuality "1"]

1. e4 c6 2. d4 d5 3. e5 Bf5 4. Nf3 e6 5. Be2 c5 6. Be3 Qb6 7. dxc5 Bxc5 8. Bxc5 Qxc5 9. Nd4 Ne7 10. Nxf5 Nxf5 11. Bd3 Ne7 12. O-O Nbc6 1/2-1/2

[Event "Manitoba-ch U16"]
[Site "Winnipeg CAN"]
[Date "1997.10.04"]
[Round "1"]
[White "Henson, Joshua"]
[Black "Gushuliak, Justin"]
[Result "1-0"]
[WhiteElo "1993"]
[BlackElo "1493"]
[PlyCount "73"]
[GameId "2160767911931945"]
[EventDate "1997.10.04"]
[EventType "swiss"]
[EventRounds "4"]
[EventCountry "CAN"]

1. e4 c5 2. Nf3 e6 3. d4 cxd4 4. Nxd4 Nf6 5. Nc3 d6 6. Be2 a6 7. O-O b5 8. Bf3 e5 9. Nde2 Bb7 10. Bg5 Be7 11. Bxf6 Bxf6 12. Nd5 Nd7 13. Nec3 Nc5 14. Ne3 g6 15. Ncd5 Rc8 16. c3 Bg5 17. Re1 O-O 18. Bg4 Rb8 19. f3 Bxd5 20. Qxd5 Qb6 21. Kh1 Bxe3 22. Rxe3 Ne6 23. Ree1 Nf4 24. Qd2 h5 25. Bd7 Rfd8 26. g3 Rxd7 27. gxf4 Rbd8 28. f5 Kg7 29. Qg5 d5 30. Rg1 dxe4 31. fxe4 Qf6 32. Qxh5 Rd2 33. fxg6 fxg6 34. Rxg6+ Qxg6 35. Rg1 Qxg1+ 36. Kxg1 Rxb2 37. Qg5+ 1-0

[Event "Manitoba-ch U16"]
[Site "Winnipeg CAN"]
[Date "1997.10.04"]
[Round "1"]
[White "Lipnowski, Samuel"]
[Black "Bloomfield, Rory"]
[Result "1-0"]
[WhiteElo "1675"]
[BlackElo "1118"]
[PlyCount "53"]
[GameId "2160767911931946"]
[EventDate "1997.10.04"]
[EventType "swiss"]
[EventRounds "4"]
[EventCountry "CAN"]

1. d4 d5 2. c4 Nf6 3. cxd5 Nxd5 4. e4 Nf6 5. Nc3 Nc6 6. Bc4 Bg4 7. f3 Bh5 8. Nge2 e6 9. Bf4 Bb4 10. O-O O-O 11. Kh1 Bxc3 12. bxc3 Re8 13. Ng3 Bg6 14. Bg5 e5 15. Bb5 exd4 16. cxd4 a6 17. Bxc6 bxc6 18. e5 Rb8 19. exf6 gxf6 20. Bf4 Rb4 21. Ne2 Rb2 22. Re1 Re7 23. Bh6 Qe8 24. Nc3 Rxe1+ 25. Qxe1 Qxe1+ 26. Rxe1 Rd2 27. Re8# 1-0

[Event "Manitoba-ch U16"]
[Site "Winnipeg CAN"]
[Date "1997.10.04"]
[Round "1"]
[White "Rothman, Benji"]
[Black "Walker, Erin"]
[Result "0-1"]
[WhiteElo "1664"]
[BlackElo "1103"]
[PlyCount "46"]
[GameId "2160767911931947"]
[EventDate "1997.10.04"]
[EventType "swiss"]
[EventRounds "4"]
[EventCountry "CAN"]

1. e4 e5 2. Nf3 Nc6 3. Bc4 Bc5 4. c3 Nf6 5. d4 exd4 6. cxd4 Bb4+ 7. Bd2 Bxd2+ 8. Nbxd2 d5 9. exd5 Nxd5 10. O-O O-O 11. Ne4 Bg4 12. Re1 Bxf3 13. Qxf3 Nxd4 14. Qd3 Nb4 15. Qc3 Nbc6 16. b4 a6 17. Rad1 Re8 18. Re3 Qh4 19. f3 Nf5 20. Bxf7+ Kxf7 21. Rd7+ Re7 22. Qc4+ Kf8 23. Red3 Qe1# 0-1

[Event "Manitoba-ch U16"]
[Site "Winnipeg CAN"]
[Date "1997.10.04"]
[Round "1"]
[White "Walker, Sean"]
[Black "Piche, Jeremie"]
[Result "0-1"]
[WhiteElo "1428"]
[BlackElo "1734"]
[PlyCount "92"]
[GameId "2160767911931948"]
[EventDate "1997.10.04"]
[EventType "swiss"]
[EventRounds "4"]
[EventCountry "CAN"]

1. e4 c5 2. Nf3 Nc6 3. Nc3 d6 4. d3 Nf6 5. Be2 g6 6. Be3 Bg7 7. Qd2 a6 8. a4 Bd7 9. O-O O-O 10. Bh6 Rb8 11. Bxg7 Kxg7 12. d4 cxd4 13. Nxd4 Qc7 14. Qe3 Rfc8 15. f4 Nb4 16. Rac1 Qc5 17. Qf2 Qa5 18. Nb3 Qc7 19. Nd4 Qc5 20. Kh1 Nc6 21. Rcd1 Qb4 22. Nb3 Nxe4 23. Nxe4 Qxe4 24. Bd3 Qxa4 25. f5 Ne5 26. fxg6 hxg6 27. Rde1 Rf8 28. Be2 Rbc8 29. Bd1 Qa2 30. Qd4 Qa4 31. Qf2 Be6 32. Qb6 Qc6 33. Qd4 Qd5 34. Qh4 f6 35. Nd4 Rh8 36. Nxe6+ Qxe6 37. Qg3 Rc4 38. c3 Rch4 39. h3 Qd5 40. Bc2 Rxh3+ 41. Qxh3 Rxh3+ 42. Kg1 Qc5+ 43. Rf2 Ng4 44. Ref1 Nxf2 45. Rxf2 Rh1+ 46. Kxh1 Qxf2 0-1

[Event "Manitoba-ch U16"]
[Site "Winnipeg CAN"]
[Date "1997.10.04"]
[Round "2"]
[White "Gushuliak, Justin"]
[Black "Huggan, Philip"]
[Result "1-0"]
[WhiteElo "1493"]
[BlackElo "1553"]
[PlyCount "59"]
[GameId "2160767911931949"]
[EventDate "1997.10.04"]
[EventType "swiss"]
[EventRounds "4"]
[EventCountry "CAN"]

1. e4 c5 2. Nf3 d6 3. d4 cxd4 4. Nxd4 Nf6 5. Nc3 g6 6. Be3 Bg7 7. f3 a6 8. Bc4 O-O 9. Qd2 Nc6 10. O-O-O Bd7 11. h4 Ne5 12. Bb3 Qa5 13. Kb1 Rac8 14. h5 Nxh5 15. g4 Nf6 16. Bh6 Bxh6 17. Qxh6 Nc4 18. Bxc4 Rxc4 19. Nd5 Re8 20. Nf5 Bxf5 21. gxf5 Rcc8 22. f4 Qc5 23. c3 Qc4 24. Rd4 Qe2 25. fxg6 fxg6 26. f5 Qg4 27. Nxf6+ exf6 28. Qxh7+ Kf8 29. Qh8+ Ke7 30. Rh7+ 1-0

[Event "Manitoba-ch U16"]
[Site "Winnipeg CAN"]
[Date "1997.10.04"]
[Round "2"]
[White "Piche, Jeremie"]
[Black "Lipnowski, Michael"]
[Result "1-0"]
[WhiteElo "1734"]
[BlackElo "1573"]
[PlyCount "87"]
[GameId "2160767911931950"]
[EventDate "1997.10.04"]
[EventType "swiss"]
[EventRounds "4"]
[EventCountry "CAN"]

1. e4 c5 2. Nf3 e6 3. d4 cxd4 4. Nxd4 Nf6 5. Nc3 Nc6 6. a3 d6 7. Be2 Be7 8. Be3 O-O 9. O-O a6 10. f4 Re8 11. Qe1 Bf8 12. Rd1 Qc7 13. Nf3 b5 14. Bd3 b4 15. axb4 Nxb4 16. Qh4 Nxd3 17. Rxd3 h6 18. g4 Nh7 19. g5 Be7 20. Qg3 Kh8 21. Kh1 f5 22. gxh6 gxh6 23. Rg1 Bf6 24. Nh4 Qg7 25. Ng6+ Kg8 26. Qf3 Qc7 27. Bd4 fxe4 28. Nxe4 Bxd4 29. Rxd4 Bb7 30. Qg4 Qg7 31. Rb4 Nf6 32. Rxb7 Nxg4 33. Rxg7+ Kxg7 34. Rxg4 Rac8 35. Ne7+ Kf8 36. Nxc8 Rxc8 37. c3 d5 38. Nd2 d4 39. Rg3 dxc3 40. Rxc3 Rxc3 41. bxc3 a5 42. Kg2 Ke7 43. Kf3 Kd6 44. Nc4+ 1-0

[Event "Manitoba-ch U16"]
[Site "Winnipeg CAN"]
[Date "1997.10.04"]
[Round "2"]
[White "Piche, Travis"]
[Black "Lipnowski, Samuel"]
[Result "0-1"]
[WhiteElo "1554"]
[BlackElo "1675"]
[PlyCount "74"]
[GameId "2160767911931951"]
[EventDate "1997.10.04"]
[EventType "swiss"]
[EventRounds "4"]
[EventCountry "CAN"]

1. e4 c5 2. Nf3 e6 3. d4 cxd4 4. Nxd4 a6 5. Nc3 Qc7 6. Be3 Nf6 7. Be2 Bb4 8. Qd3 Nxe4 9. Bd2 Nxd2 10. Qxd2 O-O 11. a3 Bxc3 12. bxc3 b5 13. O-O Bb7 14. Bf3 Bxf3 15. Nxf3 Rc8 16. Rfd1 Qxc3 17. Qxc3 Rxc3 18. Ra2 d5 19. Ne5 Nc6 20. Nf3 Rc8 21. h3 h6 22. Kf1 Na5 23. Rd2 Nc4 24. Rd3 Rxd3 25. cxd3 Nb6 26. Ke2 Rc3 27. Kd2 Na4 28. Ne5 f6 29. Nd7 d4 30. Nb8 Nc5 31. Nc6 Nb3+ 32. Kd1 Rxc6 33. a4 b4 34. Rb2 Rc3 35. Ke2 a5 36. Rb1 Nc1+ 37. Kd1 Nxd3 0-1

[Event "Manitoba-ch U16"]
[Site "Winnipeg CAN"]
[Date "1997.10.04"]
[Round "2"]
[White "Walker, Erin"]
[Black "Henson, Joshua"]
[Result "0-1"]
[WhiteElo "1993"]
[BlackElo "1664"]
[PlyCount "44"]
[GameId "2160767911931952"]
[EventDate "1997.10.04"]
[EventType "swiss"]
[EventRounds "4"]
[EventCountry "CAN"]

1. e4 d5 2. exd5 Nf6 3. d4 Bg4 4. Be2 Bxe2 5. Nxe2 Qxd5 6. O-O Nc6 7. Nbc3 Qf5 8. Be3 O-O-O 9. Ng3 Qg6 10. Nce2 e5 11. c3 h5 12. Qc1 h4 13. Nh1 h3 14. g3 Qd3 15. Qd1 Qe4 16. f3 Qxe3+ 17. Rf2 exd4 18. cxd4 Nxd4 19. Nxd4 Rxd4 20. Qc2 Rd5 21. Kf1 Bc5 22. Rc1 Rhd8 0-1

[Event "Manitoba-ch U16"]
[Site "Winnipeg CAN"]
[Date "1997.10.05"]
[Round "3"]
[White "Henson, Joshua"]
[Black "Piche, Jeremie"]
[Result "1-0"]
[WhiteElo "1993"]
[BlackElo "1734"]
[PlyCount "79"]
[GameId "2160767911931953"]
[EventDate "1997.10.04"]
[EventType "swiss"]
[EventRounds "4"]
[EventCountry "CAN"]

1. e4 c5 2. Nf3 d6 3. d4 cxd4 4. Qxd4 a6 5. Bc4 e6 6. Bg5 f6 7. Be3 b5 8. Bd5 exd5 9. Qxd5 Ne7 10. Qxa8 Nbc6 11. Nd4 Qc7 12. Nc3 Kd7 13. Nxc6 Nxc6 14. Nd5 Qa5+ 15. b4 Qd8 16. Nb6+ Kc7 17. Qxc8+ Qxc8 18. Nxc8 Kxc8 19. a3 Ne5 20. Ke2 Kd7 21. Rhd1 Be7 22. f4 Nc4 23. Bd4 Ke6 24. a4 Rd8 25. axb5 axb5 26. f5+ Kf7 27. Ra7 Ke8 28. Rb7 Na3 29. c3 d5 30. exd5 Rxd5 31. Rxe7+ Kxe7 32. Bc5+ Rxc5 33. bxc5 Nc4 34. c6 Nb6 35. c7 g6 36. Rd8 gxf5 37. c8=Q Nxc8 38. Rxc8 Kd6 39. Rf8 Ke6 40. Rb8 1-0

[Event "Manitoba-ch U16"]
[Site "Winnipeg CAN"]
[Date "1997.10.05"]
[Round "3"]
[White "Lipnowski, Michael"]
[Black "Gushuliak, Justin"]
[Result "1-0"]
[WhiteElo "1573"]
[BlackElo "1493"]
[PlyCount "69"]
[GameId "2160767911931954"]
[EventDate "1997.10.04"]
[EventType "swiss"]
[EventRounds "4"]
[EventCountry "CAN"]

1. d4 Nf6 2. c4 g6 3. Nc3 Bg7 4. e4 d6 5. Nf3 O-O 6. Be2 e5 7. O-O Nc6 8. d5 Ne7 9. Ne1 Nd7 10. Be3 f5 11. f3 f4 12. Bf2 g5 13. a4 a5 14. Rc1 b6 15. Nd3 Nc5 16. Na2 Bd7 17. Nc3 Qe8 18. Nb5 Rc8 19. Rb1 h5 20. b4 Nxd3 21. Qxd3 axb4 22. Rxb4 g4 23. Ra1 Bxb5 24. cxb5 Qd7 25. Bf1 Ng6 26. a5 bxa5 27. Rxa5 h4 28. Ra7 g3 29. Be1 Ra8 30. b6 Qe8 31. Rxc7 Qb8 32. Qc3 Ra2 33. b7 Qa7+ 34. Kh1 gxh2 35. Kxh2 1-0

[Event "Manitoba-ch U16"]
[Site "Winnipeg CAN"]
[Date "1997.10.05"]
[Round "3"]
[White "Lipnowski, Samuel"]
[Black "Walker, Erin"]
[Result "1/2-1/2"]
[WhiteElo "1675"]
[BlackElo "1664"]
[PlyCount "72"]
[GameId "2160767911931955"]
[EventDate "1997.10.04"]
[EventType "swiss"]
[EventRounds "4"]
[EventCountry "CAN"]

1. e4 e5 2. Nf3 Nc6 3. Bb5 a6 4. Bxc6 dxc6 5. d4 exd4 6. Qxd4 Qxd4 7. Nxd4 Nf6 8. f3 Bc5 9. Be3 Bd7 10. Kf2 O-O-O 11. c3 h6 12. Nd2 g5 13. b4 Be7 14. N2b3 g4 15. a4 Kb8 16. a5 h5 17. Rae1 h4 18. Nf5 Bxf5 19. exf5 Bd6 20. Bg5 g3+ 21. Kf1 Nd5 22. Bxd8 Rxd8 23. hxg3 hxg3 24. Rc1 Bf4 25. Re1 Nxc3 26. Rh4 Bd6 27. Nd4 Nd5 28. Nc2 Ne7 29. Rhe4 Nxf5 30. Re8 Kc8 31. Rxd8+ Kxd8 32. Re4 Kd7 33. Ke2 Ne7 34. Kd2 Nd5 35. Rd4 Ke7 36. Re4+ Kd7 1/2-1/2

[Event "Manitoba-ch U16"]
[Site "Winnipeg CAN"]
[Date "1997.10.05"]
[Round "4"]
[White "Henson, Joshua"]
[Black "Lipnowski, Samuel"]
[Result "1-0"]
[WhiteElo "1993"]
[BlackElo "1675"]
[PlyCount "71"]
[GameId "2160767911931956"]
[EventDate "1997.10.04"]
[EventType "swiss"]
[EventRounds "4"]
[EventCountry "CAN"]

1. e4 c5 2. Nf3 e6 3. d4 cxd4 4. Nxd4 Nf6 5. Nc3 d6 6. Be2 a6 7. O-O Be7 8. f4 Qc7 9. Kh1 O-O 10. Be3 Nc6 11. Qe1 Re8 12. Qg3 Bf8 13. a4 Bd7 14. Qf2 Rab8 15. Nb3 b6 16. Bxa6 Na5 17. Nxa5 bxa5 18. Bb5 Ng4 19. Qe2 Nxe3 20. Qxe3 Bxb5 21. axb5 Ra8 22. Ra4 d5 23. exd5 exd5 24. Qd3 Rad8 25. Rd4 Bc5 26. Rxd5 Rc8 27. Rd7 Qb8 28. h3 Re3 29. Qd5 Re7 30. Rxe7 Bxe7 31. Qe4 Bc5 32. Rd1 Re8 33. Qf5 Bd6 34. Nd5 Re2 35. Nf6+ Kf8 36. Nd7+ 1-0

[Event "Manitoba-ch U16"]
[Site "Winnipeg CAN"]
[Date "1997.10.05"]
[Round "4"]
[White "Piche, Jeremie"]
[Black "Rothman, Benji"]
[Result "1-0"]
[WhiteElo "1739"]
[BlackElo "1103"]
[PlyCount "37"]
[GameId "2160767911931957"]
[EventDate "1997.10.04"]
[EventType "swiss"]
[EventRounds "4"]
[EventCountry "CAN"]

1. e4 c6 2. d4 d5 3. Nc3 dxe4 4. Nxe4 Nd7 5. Nf3 Ngf6 6. Nxf6+ Nxf6 7. Bc4 Bg4 8. Ne5 Qa5+ 9. Bd2 Qxe5+ 10. dxe5 Bxd1 11. Rxd1 Ng4 12. e6 Ne5 13. exf7+ Nxf7 14. O-O Ne5 15. Be6 Rd8 16. Be3 Rxd1 17. Rxd1 a6 18. Bb6 Nf7 19. Bd7# 1-0

[Event "Manitoba-ch U16"]
[Site "Winnipeg CAN"]
[Date "1997.10.05"]
[Round "4"]
[White "Piche, Travis"]
[Black "Lipnowski, Michael"]
[Result "0-1"]
[WhiteElo "1554"]
[BlackElo "1573"]
[PlyCount "60"]
[GameId "2160767911931958"]
[EventDate "1997.10.04"]
[EventType "swiss"]
[EventRounds "4"]
[EventCountry "CAN"]

1. e4 c5 2. Nf3 e6 3. d4 cxd4 4. Nxd4 Nf6 5. Nc3 Nc6 6. Bc4 Bb4 7. Nde2 Nxe4 8. Qd3 Nxc3 9. Nxc3 O-O 10. O-O Ne5 11. Qd4 Nxc4 12. Qxc4 Be7 13. Qg4 d5 14. Rd1 Bd7 15. Rd3 Re8 16. Bh6 Bf8 17. Rg3 Qf6 18. Bg5 Qg6 19. h4 h6 20. Be3 Qxg4 21. Rxg4 e5 22. Rg3 d4 23. Nd5 dxe3 24. Nc7 exf2+ 25. Kxf2 Rac8 26. Nxe8 Rxc2+ 27. Kf1 Bxe8 28. Rb3 Bc6 29. Re1 Bxg2+ 30. Kg1 Bc5+ 0-1

[Event "Manitoba-ch U16"]
[Site "Winnipeg CAN"]
[Date "1997.10.05"]
[Round "4"]
[White "Walker, Erin"]
[Black "Huggan, Philip"]
[Result "1-0"]
[WhiteElo "1664"]
[BlackElo "1553"]
[PlyCount "45"]
[GameId "2160767911931959"]
[EventDate "1997.10.04"]
[EventType "swiss"]
[EventRounds "4"]
[EventCountry "CAN"]

1. e4 c5 2. c3 d6 3. d4 cxd4 4. cxd4 Nf6 5. Nc3 a6 6. Nf3 e6 7. Bd3 Be7 8. O-O O-O 9. Be3 Nc6 10. h3 Nb4 11. a3 Nxd3 12. Qxd3 d5 13. Rac1 b5 14. exd5 Nxd5 15. Nxd5 Qxd5 16. Bf4 Bd6 17. Bxd6 Qxd6 18. Rc5 f6 19. b4 e5 20. Qe4 Bd7 21. dxe5 Rfe8 22. Qxa8 Rxa8 23. exd6 1-0

[Event "Manitoba-ch U20"]
[Site "Winnipeg CAN"]
[Date "1997.09.13"]
[Round "1"]
[White "Gajardo, Michael"]
[Black "Henson, Joshua"]
[Result "0-1"]
[WhiteElo "1537"]
[BlackElo "1993"]
[PlyCount "80"]
[GameId "2160767911932051"]
[EventDate "1997.09.13"]
[EventType "swiss"]
[EventRounds "4"]
[EventCountry "CAN"]

1. e4 d5 2. exd5 Nf6 3. Nc3 Nxd5 4. Bc4 Nxc3 5. bxc3 Nc6 6. Qf3 Ne5 7. Qf4 Nxc4 8. Qxc4 Be6 9. Qe4 Bd5 10. Qg4 Qd7 11. Qg3 O-O-O 12. Nf3 Qe6+ 13. Qe5 Qxe5+ 14. Nxe5 Bxg2 15. Nxf7 Bxh1 16. Nxh8 Bd5 17. d3 g6 18. c4 Bg8 19. Bb2 Re8 20. f4 e5 21. Bxe5 Bg7 22. O-O-O Bxe5 23. fxe5 Rxe5 24. Rf1 Rf5 25. Re1 Kd7 26. Kd2 Rf2+ 27. Re2 Rxe2+ 28. Kxe2 Ke7 29. Kf3 Kf6 30. Nxg6 hxg6 31. a4 Kf5 32. h4 Be6 33. c5 a5 34. d4 Bd7 35. c3 Bxa4 36. d5 Bd7 37. d6 cxd6 38. cxd6 a4 39. c4 a3 40. c5 a2 0-1

[Event "Manitoba-ch U20"]
[Site "Winnipeg CAN"]
[Date "1997.09.13"]
[Round "2"]
[White "Henson, Joshua"]
[Black "Huggan, Philip"]
[Result "1-0"]
[WhiteElo "1993"]
[BlackElo "1553"]
[PlyCount "79"]
[GameId "2160767911932052"]
[EventDate "1997.09.13"]
[EventType "swiss"]
[EventRounds "4"]
[EventCountry "CAN"]

1. e4 c5 2. Nf3 d6 3. d4 cxd4 4. Qxd4 Nc6 5. Bb5 Bd7 6. Bxc6 bxc6 7. Nc3 Qb6 8. Qxb6 axb6 9. Be3 b5 10. e5 dxe5 11. Nxe5 Nf6 12. Nxd7 Nxd7 13. O-O e6 14. Rfd1 Nf6 15. Bf4 Nd5 16. Nxd5 cxd5 17. Rd3 Kd7 18. Kf1 Bd6 19. Bxd6 Kxd6 20. Rb3 Rhc8 21. c3 Rc5 22. Rb4 Ra4 23. a3 Kc6 24. Ke2 Rxb4 25. axb4 Rc4 26. g3 d4 27. Kd3 e5 28. Ra7 e4+ 29. Kd2 dxc3+ 30. bxc3 Kd5 31. Rxf7 e3+ 32. fxe3 Rg4 33. Kd3 Rg6 34. Rf5+ Kc6 35. e4 Rd6+ 36. Ke2 g6 37. Rc5+ Kb6 38. e5 Rd8 39. e6 Ra8 40. e7 1-0

[Event "Manitoba-ch U20"]
[Site "Winnipeg CAN"]
[Date "1997.09.13"]
[Round "2"]
[White "Lipnowski, Michael"]
[Black "Piche, Jeremie"]
[Result "0-1"]
[WhiteElo "1739"]
[BlackElo "1573"]
[PlyCount "62"]
[GameId "2160767911932053"]
[EventDate "1997.09.13"]
[EventType "swiss"]
[EventRounds "4"]
[EventCountry "CAN"]

1. d4 Nf6 2. c4 g6 3. Nc3 Bg7 4. e4 d6 5. Nf3 O-O 6. Be2 e5 7. O-O Nc6 8. d5 Ne7 9. Be3 Ng4 10. Bc1 f5 11. Ne1 Nf6 12. f3 f4 13. Nd3 g5 14. c5 h5 15. cxd6 cxd6 16. Nf2 Kh8 17. Bd2 Nfg8 18. Qc2 g4 19. Nb5 gxf3 20. Bxf3 Bg4 21. Nd3 Qb6+ 22. Kh1 Qxb5 23. Bb4 Rac8 24. Qe2 Qd7 25. h3 Bxf3 26. Qxf3 Nh6 27. g3 Qxh3+ 28. Kg1 fxg3 29. Qe2 Ng4 30. Rxf8+ Rxf8 31. Rc1 Nf2 0-1

[Event "Manitoba-ch U20"]
[Site "Winnipeg CAN"]
[Date "1997.09.13"]
[Round "2"]
[White "Tetrault, Charles"]
[Black "Walker, Erin"]
[Result "0-1"]
[WhiteElo "1297"]
[BlackElo "1664"]
[PlyCount "60"]
[GameId "2160767911932054"]
[EventDate "1997.09.13"]
[EventType "swiss"]
[EventRounds "4"]
[EventCountry "CAN"]

1. e4 e5 2. Nf3 Nc6 3. Bc4 Bc5 4. c3 d6 5. d4 exd4 6. cxd4 Bb6 7. Bf4 Nf6 8. Nc3 O-O 9. h3 Ba5 10. d5 Nxe4 11. dxc6 Nxc3 12. Qd2 Nd5 13. Qxa5 Nxf4 14. O-O bxc6 15. Rac1 c5 16. Rfe1 Bb7 17. Re3 c6 18. Qxd8 Raxd8 19. Re7 Rb8 20. Rce1 d5 21. Bf1 Ne6 22. Bd3 Rfe8 23. Rd7 Red8 24. Re7 Kf8 25. Rxb7 Rxb7 26. b3 h6 27. Ne5 Rc7 28. Bf5 Re8 29. Nd3 Nd4 30. Rd1 Nxf5 0-1

[Event "Manitoba-ch U20"]
[Site "Winnipeg CAN"]
[Date "1997.09.13"]
[Round "2"]
[White "Tetrault, Robert"]
[Black "Walker, Adam"]
[Result "1-0"]
[WhiteElo "1722"]
[BlackElo "1506"]
[PlyCount "43"]
[GameId "2160767911932055"]
[EventDate "1997.09.13"]
[EventType "swiss"]
[EventRounds "4"]
[EventCountry "CAN"]

1. e4 d6 2. d4 Nf6 3. Nc3 g6 4. Nf3 Bg7 5. Bc4 O-O 6. O-O Bg4 7. Bg5 Nbd7 8. Re1 Ne8 9. Qd3 Bxf3 10. Qxf3 Bxd4 11. Rad1 c5 12. Nd5 Ne5 13. Qf4 Nf6 14. Nxf6+ exf6 15. Bxf6 Nf3+ 16. Qxf3 Bxf6 17. e5 Be7 18. Qxb7 Re8 19. exd6 Bxd6 20. Qxf7+ Kh8 21. Rxe8+ Qxe8 22. Qf6# 1-0

[Event "Manitoba-ch U20"]
[Site "Winnipeg CAN"]
[Date "1997.09.14"]
[Round "3"]
[White "Gajardo, Michael"]
[Black "Lipnowski, Samuel"]
[Result "0-1"]
[WhiteElo "1537"]
[BlackElo "1675"]
[PlyCount "68"]
[GameId "2160767911932056"]
[EventDate "1997.09.13"]
[EventType "swiss"]
[EventRounds "4"]
[EventCountry "CAN"]

1. e4 c5 2. Nf3 e6 3. d4 cxd4 4. Nxd4 a6 5. Nc3 Qc7 6. a3 Nf6 7. g3 Be7 8. Qe2 d6 9. Qc4 Qxc4 10. Bxc4 b5 11. Bb3 Bb7 12. f3 Nbd7 13. a4 b4 14. Na2 d5 15. exd5 Nxd5 16. Bd2 Bf6 17. Ne2 Bxb2 18. Rb1 Bf6 19. O-O a5 20. Bc4 Rc8 21. Bd3 Ne5 22. Be4 Ba6 23. Rfe1 Nb6 24. Bf4 Nec4 25. Bd3 Bb7 26. Kg2 g5 27. Bc1 Ne5 28. Bb5+ Kf8 29. Nd4 Nxf3 30. Nxe6+ fxe6 31. Rxe6 Nd4+ 32. Bc6 Bxc6+ 33. Rxc6 Rxc6 34. Be3 Rxc2+ 0-1